[Event "SportAccord World Mind Games (Women, Basque)"]
[Site "Beijing CHN"]
[Date "2013.12.17"]
[EventDate "2013.12.17"]
[Round "2.2"]
[Result "1/2-1/2"]
[White "Tatiana Kosintseva"]
[Black "Antoaneta Stefanova"]
[WhiteElo "2496"]
[BlackElo "2486"]
[PlyCount "159"]

1. e4 e5 2. Nf3 Nc6 3. Bb5 Nge7 4. c3 d5 5. Nxe5 dxe4 6. Qe2
Be6 7. Qxe4 Bd5 8. Qe3 Bxg2 9. Rg1 Bd5 10. c4 Be6 11. d4 a6
12. Ba4 b5 13. Nxc6 Nxc6 14. d5 bxa4 15. dxe6 fxe6 16. Qxe6+
Qe7 17. Qxe7+ Bxe7 18. Nc3 a3 19. Nd5 Bd6 20. bxa3 Bxh2
21. Rxg7 Be5 22. Nxc7+ Kd8 23. Bg5+ Kc8 24. Nxa8 Bxg7 25. Nb6+
Kc7 26. Rb1 Bd4 27. Bf4+ Be5 28. Nd5+ Kd6 29. Ke2 Bxf4
30. Nxf4 Kc5 31. Nd3+ Kxc4 32. Rc1+ Kb5 33. Rc5+ Kb6 34. Rh5
Re8+ 35. Kd2 Re7 36. Rh6 a5 37. f4 Kc7 38. Kc3 Rd7 39. Nc5 Rf7
40. Kd3 Ne7 41. Ke4 Nf5 42. Ra6 Nd6+ 43. Kf3 Rf5 44. Ne6+ Kd7
45. Nd4 Rd5 46. Ra7+ Ke8 47. Ke3 Rc5 48. Kd3 Rh5 49. Ra8+ Kd7
50. Nb3 Rh2 51. Rxa5 Rxa2 52. Nd4 h5 53. Nc2 h4 54. Kc3 Nc4
55. Ra7+ Ke8 56. Kxc4 Rxc2+ 57. Kd4 h3 58. Rh7 h2 59. Ke5 Kf8
60. f5 Kg8 61. Rh4 Ra2 62. Kf6 Rxa3 63. Rxh2 Ra6+ 64. Kg5 Kg7
65. Rc2 Rb6 66. Rc7+ Kg8 67. Re7 Kf8 68. Rd7 Ra6 69. Kf4 Rb6
70. Rd5 Ra6 71. Ke5 Rb6 72. Ra5 Kf7 73. Ra7+ Kf8 74. Kd5 Rf6
75. Ke4 Rc6 76. Rd7 Ke8 77. Rb7 Kf8 78. Ke5 Ra6 79. f6 Ra1
80. Rb8+ 1/2-1/2

[Event "SportAccord World Mind Games (Women, Basque)"]
[Site "Beijing CHN"]
[Date "2013.12.17"]
[EventDate "2013.12.17"]
[Round "3.1"]
[Result "1-0"]
[White "Anna Ushenina"]
[Black "Antoaneta Stefanova"]
[WhiteElo "2501"]
[BlackElo "2486"]
[PlyCount "89"]

1. d4 d5 2. c4 c6 3. e3 Nf6 4. Nc3 a6 5. Nf3 Bf5 6. Qb3 b5
7. c5 a5 8. Ne5 a4 9. Qd1 g6 10. g4 Be6 11. Bg2 Qc8 12. g5
Nfd7 13. Nd3 h6 14. e4 dxe4 15. Nxe4 hxg5 16. Bxg5 f6 17. Bf4
Bg7 18. Qe2 Kf7 19. h4 Nf8 20. a3 Na6 21. Bf3 Bd5 22. Nc3 Bxf3
23. Qxf3 Qe6+ 24. Be3 Rd8 25. Ne5+ Kg8 26. Nxc6 Re8 27. d5 Qf7
28. Nxb5 Nd7 29. Rc1 f5 30. Rc2 Nf6 31. Ne5 Qxd5 32. Qxd5+
Nxd5 33. Nxg6 Rh5 34. Nf4 Nxf4 35. Bxf4 e5 36. Bg5 Rb8 37. Nd6
e4 38. Nxf5 Rxb2 39. Nxg7 Rxg5 40. Rxb2 Rxg7 41. Rc2 Rc7
42. Ke2 Rxc5 43. Rhc1 Rh5 44. Rc6 Rxh4 45. Rxa6 1-0

[Event "SportAccord World Mind Games (Women, Basque)"]
[Site "Beijing CHN"]
[Date "2013.12.17"]
[EventDate "2013.12.17"]
[Round "3.2"]
[Result "1/2-1/2"]
[White "Antoaneta Stefanova"]
[Black "Anna Ushenina"]
[WhiteElo "2486"]
[BlackElo "2501"]
[PlyCount "215"]

1. d4 d5 2. c4 c6 3. cxd5 cxd5 4. Bf4 Nc6 5. e3 a6 6. Nc3 Nf6
7. Bd3 Bg4 8. Nge2 e6 9. Rc1 Be7 10. O-O O-O 11. Na4 Nd7
12. a3 Bh5 13. b4 Bg6 14. Bg3 Bxd3 15. Qxd3 Rc8 16. Nc5 Nxc5
17. bxc5 b6 18. Qxa6 bxc5 19. dxc5 Qa5 20. Qb6 Qxa3 21. Nd4
Nxd4 22. exd4 Bd8 23. Qb7 Bf6 24. Bd6 Rfe8 25. Ra1 Qc3 26. Ra7
Qxd4 27. Qxf7+ Kh8 28. h3 h6 29. Re1 e5 30. Qh5 Qc3 31. Re3
Qc1+ 32. Kh2 d4 33. Rf3 Qg5 34. Qf7 Rg8 35. Qd5 Rge8 36. Qe4
Qh4 37. Qb7 d3 38. Rxd3 Qxf2 39. Rf3 Qh4 40. g3 Qg5 41. h4 Qg6
42. Rf2 e4 43. Qd5 e3 44. Re2 Qg4 45. Raa2 Qd4 46. Qf3 Re4
47. Rac2 Be5 48. Bxe5 Qxe5 49. Kg2 Qe7 50. c6 Rf8 51. c7 Rxf3
52. Kxf3 Rc4 53. Rxc4 Qf7+ 54. Rf4 Qxc7 55. Rxe3 Kh7 56. Rfe4
Qc6 57. Kg2 Qd5 58. Kh2 Qd2+ 59. Re2 Qd3 60. R4e3 Qd1 61. h5
Qd5 62. g4 Qd6+ 63. Kh3 Qd4 64. Kg3 Qd6+ 65. Re5 Qd3+ 66. R2e3
Qd6 67. Kh3 Qd1 68. Re2 Qf1+ 69. Kg3 Qg1+ 70. Rg2 Qd4 71. Rf5
Qd6+ 72. Kh4 Qd4 73. Rf3 Qd8+ 74. Kh3 Qd5 75. Rgf2 Qe4 76. Kg3
Qe5+ 77. Kh3 Qe4 78. Rf4 Qe3+ 79. Kh2 Qe5 80. Kg2 Qd5+
81. R4f3 Qe4 82. Kh3 Qe6 83. Rg3 Qe1 84. Kg2 Qe4+ 85. Kh2 Qe5
86. Rf5 Qe2+ 87. Kh3 Qe4 88. Kh2 Qe2+ 89. Rg2 Qe4 90. Rff2 Qe3
91. Re2 Qf4+ 92. Rg3 Qc4 93. Reg2 Qf4 94. Re2 Qc4 95. Rf2 Qc5
96. Rf5 Qc2+ 97. Rg2 Qe4 98. Kh3 Qe3+ 99. Rg3 Qe4 100. Kh2
Qe2+ 101. Rg2 Qe4 102. Rf1 Qe5+ 103. Kh1 Qg5 104. Rf5 Qh4+
105. Kg1 Qe1+ 106. Kh2 Qh4+ 107. Kg1 Qe1+ 108. Kh2 1/2-1/2

[Event "SportAccord World Mind Games (Women, Basque)"]
[Site "Beijing CHN"]
[Date "2013.12.18"]
[EventDate "2013.12.17"]
[Round "4.1"]
[Result "0-1"]
[White "Antoaneta Stefanova"]
[Black "Marie Sebag"]
[WhiteElo "2486"]
[BlackElo "2501"]
[PlyCount "136"]

1. d4 d5 2. c4 c6 3. cxd5 cxd5 4. Bf4 Nc6 5. Nc3 Nf6 6. e3 a6
7. Bd3 Bg4 8. Nge2 e6 9. Rc1 Be7 10. O-O O-O 11. Na4 Nd7
12. Qb3 Nb4 13. Bc7 Qe8 14. f3 Nxd3 15. Qxd3 Bf5 16. e4 Bg6
17. Nf4 b5 18. Nxg6 hxg6 19. Nc3 Rc8 20. Bg3 Nb6 21. exd5 exd5
22. a4 bxa4 23. Qxa6 Rc6 24. Qb7 Bf6 25. Bf2 Qc8 26. Qxc8
Rfxc8 27. Ra1 Rc4 28. Rfd1 Rb4 29. Ra2 Rb3 30. Nxa4 Nxa4
31. Rxa4 Rxb2 32. Rf1 Rcc2 33. g4 Bg5 34. Bg3 Be3+ 35. Kh1 g5
36. Ra5 Bf4 37. Rfa1 Bxg3 38. hxg3 Rh2+ 39. Kg1 Rhg2+ 40. Kh1
Rh2+ 41. Kg1 Rbg2+ 42. Kf1 Rd2 43. Kg1 Rhg2+ 44. Kh1 Rxg3
45. Rxd5 Rxf3 46. Rxg5 Rxd4 47. Kg2 Rc3 48. Kf2 f6 49. Ra8+
Kh7 50. Rh5+ Kg6 51. Rh4 Rd2+ 52. Ke1 Rg2 53. Kf1 Rb2 54. Ra1
Kg5 55. Rh7 g6 56. Rg7 Rf3+ 57. Kg1 Rg3+ 58. Kh1 Rxg4 59. Rf1
Rbb4 60. Rf2 f5 61. Kh2 Rh4+ 62. Kg2 Rbg4+ 63. Kf1 Rf4 64. Rg8
Rxf2+ 65. Kxf2 Ra4 66. Kg2 Ra3 67. Kf2 Kh5 68. Rb8 Kg4 0-1

[Event "SportAccord World Mind Games (Women, Basque)"]
[Site "Beijing CHN"]
[Date "2013.12.18"]
[EventDate "2013.12.17"]
[Round "4.2"]
[Result "1/2-1/2"]
[White "Marie Sebag"]
[Black "Antoaneta Stefanova"]
[WhiteElo "2501"]
[BlackElo "2486"]
[PlyCount "104"]

1. e4 e5 2. Nf3 Nc6 3. Bb5 Nge7 4. O-O g6 5. c3 a6 6. Ba4 Bg7
7. d4 exd4 8. cxd4 b5 9. Bb3 O-O 10. Nc3 Na5 11. Bc2 d6
12. Bf4 Bg4 13. Ne2 Bxf3 14. gxf3 Nec6 15. b3 Nb4 16. Qd2 Nxc2
17. Qxc2 c5 18. Rad1 c4 19. d5 Qf6 20. Bd2 Nb7 21. f4 Rfc8
22. b4 c3 23. Be3 Rc4 24. a3 a5 25. Rd4 Rac8 26. Rfd1 axb4
27. axb4 Qe7 28. Rxc4 Rxc4 29. Nd4 Qd7 30. f3 Qh3 31. Bf2 h5
32. Qd3 Bh6 33. Be3 Qh4 34. Ne2 Bg7 35. Nd4 Bh6 36. Ne2 Bg7
37. Nd4 c2 38. Nxc2 Rc3 39. Qd2 Qh3 40. Nd4 Bxd4 41. Qxd4 Qxf3
42. Qxc3 Qxd1+ 43. Kf2 Qg4 44. Qc7 Qh4+ 45. Ke2 Qg4+ 46. Kd2
Qg2+ 47. Kd3 Qf1+ 48. Kd2 Qg2+ 49. Kd3 Qf1+ 50. Kd2 Qg2+
51. Kd3 Qf1+ 52. Kd2 Qg2+ 1/2-1/2

[Event "SportAccord World Mind Games (Women, Basque)"]
[Site "Beijing CHN"]
[Date "2013.12.18"]
[EventDate "2013.12.17"]
[Round "5.1"]
[Result "1-0"]
[White "Kateryna Lahno"]
[Black "Antoaneta Stefanova"]
[WhiteElo "2543"]
[BlackElo "2486"]
[PlyCount "147"]

1. e4 e5 2. Nf3 Nc6 3. Nc3 Nf6 4. Be2 d5 5. exd5 Nxd5 6. O-O
Nxc3 7. bxc3 Bd6 8. d4 O-O 9. Bd3 Bg4 10. h3 Bh5 11. Rb1 Rb8
12. Re1 Re8 13. d5 Na5 14. c4 b6 15. Bb2 f6 16. g4 Bf7 17. Nd2
c6 18. Qf3 cxd5 19. cxd5 b5 20. g5 Be7 21. gxf6 Bxf6 22. Ne4
Rb6 23. d6 Nc4 24. Bc3 Rf8 25. Nxf6+ Qxf6 26. Qxf6 gxf6 27. d7
Be6 28. Rbd1 Rd8 29. Bxc4 bxc4 30. Ba5 Bxh3 31. Bxb6 axb6
32. f4 Rxd7 33. Rxd7 Bxd7 34. fxe5 fxe5 35. Rxe5 Kf8 36. c3
Kf7 37. Kf2 Kf6 38. Rh5 Bf5 39. Ke3 Ke5 40. a4 Kf6 41. Kf4 Bc2
42. Rb5 Bxa4 43. Rxb6+ Kg7 44. Kg5 Bc2 45. Rb7+ Kg8 46. Kf6 h6
47. Rg7+ Kh8 48. Rc7 Bd3 49. Ke5 Kg8 50. Kf4 Kh8 51. Re7 Kg8
52. Kg4 Kf8 53. Rc7 Be2+ 54. Kh4 Kg8 55. Re7 Bf3 56. Re3 Bd1
57. Re4 Bb3 58. Kh5 Kg7 59. Re7+ Kf6 60. Rd7 Ke6 61. Rd4 Ke5
62. Kxh6 Ba2 63. Kg7 Bb3 64. Kf8 Ba2 65. Ke7 Bb3 66. Kd8 Ba2
67. Kc7 Bb3 68. Kb6 Ba2 69. Kc5 Bb3 70. Rxc4 Bxc4 71. Kxc4 Kd6
72. Kb5 Kc7 73. Kc5 Kd7 74. Kb6 1-0

[Event "SportAccord World Mind Games (Women, Basque)"]
[Site "Beijing CHN"]
[Date "2013.12.18"]
[EventDate "2013.12.17"]
[Round "5.2"]
[Result "0-1"]
[White "Antoaneta Stefanova"]
[Black "Kateryna Lahno"]
[WhiteElo "2486"]
[BlackElo "2543"]
[PlyCount "134"]

1. d4 Nf6 2. Bg5 d5 3. e3 c5 4. c3 Qb6 5. Qb3 c4 6. Qc2 Ne4
7. Bf4 Bf5 8. f3 Nd6 9. e4 dxe4 10. Bxd6 exd6 11. fxe4 Be6
12. Nd2 d5 13. Ngf3 Nd7 14. Ng5 O-O-O 15. O-O-O Be7 16. h4 h6
17. Nxe6 fxe6 18. g3 Kb8 19. Bh3 e5 20. exd5 exd4 21. Nxc4 Qa6
22. Rxd4 Qxa2 23. Qb1 Qa6 24. Bxd7 Bf6 25. Rg4 Rxd7 26. Qe4
Rc8 27. Kb1 Qb5 28. Qf4+ Ka8 29. Rc1 Rxd5 30. Qe4 Qd7 31. Rf4
Rdc5 32. Na3 R5c6 33. Qf3 Rb6 34. Nc4 Rbc6 35. Na3 Rb6 36. Nc4
Ra6 37. Rd1 Qe6 38. Qd5 Rac6 39. Qxe6 Rxe6 40. Rd7 Kb8 41. Nd2
Rc7 42. Rd5 Rce7 43. Nc4 Re4 44. Rxe4 Rxe4 45. Nd6 Re5 46. Rd3
h5 47. Kc2 Re2+ 48. Kb3 Kc7 49. Nf5 Be5 50. Rf3 Kd7 51. Ne3
Ke6 52. g4 g6 53. gxh5 gxh5 54. Nc4 Bf6 55. Rf4 Rh2 56. Re4+
Kd5 57. Rf4 Ke6 58. Re4+ Kf5 59. Nd6+ Kg6 60. Ra4 Rxh4
61. Rxa7 Rg4 62. Rxb7 h4 63. Rb6 h3 64. Ne8 Rf4 65. Ra6 h2
66. Ra1 Be5 67. Kc2 Rf8 0-1

[Event "Tradewise Gibraltar"]
[Site "Catalan Bay GIB"]
[Date "2014.01.28"]
[EventDate "2014.01.28"]
[Round "1.62"]
[Result "1-0"]
[White "Antoaneta Stefanova"]
[Black "Milan Kandic"]
[WhiteElo "2486"]
[BlackElo "2080"]
[PlyCount "51"]

1. d4 d6 2. e4 Nf6 3. Nc3 e5 4. Nf3 Nbd7 5. Bc4 Be7 6. O-O O-O
7. Re1 c6 8. a4 Qc7 9. h3 b6 10. Ba2 Bb7 11. dxe5 dxe5 12. Nh4
g6 13. Bh6 Rfe8 14. Qf3 Bf8 15. Bxf8 Rxf8 16. Rad1 a6 17. Rd2
b5 18. Red1 b4 19. Ne2 c5 20. Ng3 a5 21. Nhf5 gxf5 22. Qxf5
Bc8 23. Rd6 Ra6 24. Rxa6 Bxa6 25. Nh5 Nxh5 26. Rxd7 1-0

[Event "Tradewise Gibraltar"]
[Site "Catalan Bay GIB"]
[Date "2014.01.29"]
[EventDate "2014.01.28"]
[Round "2.52"]
[Result "1-0"]
[White "Ori Kobo"]
[Black "Antoaneta Stefanova"]
[WhiteElo "2298"]
[BlackElo "2486"]
[PlyCount "95"]

1. d4 d5 2. c4 c6 3. Nf3 Nf6 4. Qb3 e6 5. Bg5 Be7 6. Nc3 dxc4
7. Qxc4 b5 8. Qb3 Nbd7 9. e3 a6 10. Be2 c5 11. O-O Bb7
12. Rfd1 O-O 13. a4 c4 14. Qc2 Qb6 15. Ne5 Bb4 16. Nxd7 Nxd7
17. e4 f5 18. axb5 axb5 19. Rxa8 Bxa8 20. Be3 f4 21. Bd2 Be7
22. b3 Qxd4 23. Be1 cxb3 24. Qxb3 Nc5 25. Qxb5 Qe5 26. f3 g5
27. Qc4 g4 28. Bf2 g3 29. Bd4 gxh2+ 30. Kh1 Qh5 31. Na4 Nxe4
32. fxe4 Qg6 33. Nc3 Bxe4 34. Nxe4 Qxe4 35. Bf3 Qf5 36. Qe2
Bf6 37. Bg4 Qg6 38. Qxe6+ Kg7 39. Bf5 Qg5 40. Bxf6+ Qxf6
41. Rd7+ Kh6 42. Rxh7+ Kg5 43. Qxf6+ Rxf6 44. Be4 Re6 45. Bf3
Re1+ 46. Kxh2 Ra1 47. Rh5+ Kg6 48. Rb5 1-0

[Event "Tradewise Gibraltar"]
[Site "Catalan Bay GIB"]
[Date "2014.01.30"]
[EventDate "2014.01.28"]
[Round "3.48"]
[Result "1/2-1/2"]
[White "Antoaneta Stefanova"]
[Black "Luis Javier Sanchez Botella"]
[WhiteElo "2486"]
[BlackElo "2241"]
[PlyCount "150"]

1. d4 e6 2. Nf3 Nf6 3. e3 c5 4. Bd3 Be7 5. O-O O-O 6. b3 b6
7. Bb2 Bb7 8. c4 cxd4 9. exd4 d5 10. Nc3 Nc6 11. Rc1 Rc8
12. Qe2 Re8 13. Rfd1 Qd6 14. Bb1 Qf4 15. h3 Bd6 16. Nb5 Bb8
17. Rc3 Ne4 18. Re3 Ng5 19. Ne5 a6 20. cxd5 exd5 21. Na3 Nxe5
22. dxe5 Ne4 23. Bxe4 dxe4 24. Nc4 Rcd8 25. a4 b5 26. axb5
axb5 27. Nd6 Bxd6 28. exd6 Rxd6 29. Rxd6 Qxd6 30. Qxb5 Bc6
31. Qc4 Qd5 32. Rg3 Qxc4 33. Rxg7+ Kf8 34. bxc4 e3 35. Rxh7
exf2+ 36. Kxf2 Re4 37. Rh8+ Ke7 38. Ba3+ Kd7 39. Rh7 Ke8
40. c5 Ra4 41. Bc1 Ra2+ 42. Kg3 Rxg2+ 43. Kf4 Ke7 44. Be3 Rc2
45. Ke5 Re2 46. Kd4 Rg2 47. Bf4 Rg1 48. h4 Rd1+ 49. Kc3 Ke6
50. h5 Rh1 51. h6 Rh3+ 52. Kd2 Be4 53. Rh8 Bc6 54. Rc8 Kd5
55. Be3 Rh2+ 56. Ke1 Ke4 57. Rxc6 Kxe3 58. Kf1 Kd4 59. Kg1 Rh5
60. Kg2 Kd5 61. Rf6 Kxc5 62. Kf3 Kd5 63. Kf4 Rh1 64. Ra6 Rh2
65. Kf5 Rh5+ 66. Kg4 Rh1 67. Kg5 Ke5 68. Ra4 f5 69. Ra5+ Ke4
70. Ra4+ Ke5 71. Ra5+ Ke4 72. Kg6 f4 73. Rh5 Rxh5 74. Kxh5 f3
75. h7 f2 1/2-1/2

[Event "Tradewise Gibraltar"]
[Site "Catalan Bay GIB"]
[Date "2014.01.31"]
[EventDate "2014.01.28"]
[Round "4.56"]
[Result "0-1"]
[White "Armen Proudian"]
[Black "Antoaneta Stefanova"]
[WhiteElo "2274"]
[BlackElo "2486"]
[PlyCount "110"]

1. e4 e5 2. Nf3 Nc6 3. Bb5 a6 4. Ba4 Nf6 5. O-O Be7 6. d3 b5
7. Bb3 O-O 8. Nc3 d6 9. a4 Na5 10. Ba2 b4 11. Nd5 Nxd5
12. Bxd5 c6 13. Ba2 c5 14. Bd5 Rb8 15. Nd2 Be6 16. Bxe6 fxe6
17. Nc4 Nc6 18. f4 Bf6 19. Qg4 Qe7 20. c3 d5 21. fxe5 Nxe5
22. Nxe5 Bxe5 23. Bf4 h5 24. Qg3 Rxf4 25. Rxf4 Qd6 26. Raf1
bxc3 27. bxc3 dxe4 28. dxe4 Bxf4 29. Qxf4 Qxf4 30. Rxf4 Rb3
31. Rf3 Ra3 32. Rd3 Rxa4 33. Rd6 Kf7 34. Rc6 Rc4 35. Rxa6 Kf6
36. Ra3 Rxe4 37. Kf2 g5 38. Ra8 Rc4 39. Rf8+ Ke5 40. Rg8 g4
41. Rg5+ Kf4 42. Rxh5 Rxc3 43. g3+ Ke4 44. h3 Rf3+ 45. Ke2
Rxg3 46. hxg4 c4 47. Rg5 c3 48. Kf2 Rf3+ 49. Ke2 Rg3 50. Kf2
Rf3+ 51. Ke2 Re3+ 52. Kf2 Kd4 53. Rg8 Re5 54. Rc8 Kd3 55. Rc6
c2 0-1

[Event "Tradewise Gibraltar"]
[Site "Catalan Bay GIB"]
[Date "2014.02.01"]
[EventDate "2014.01.28"]
[Round "5.44"]
[Result "1-0"]
[White "Antoaneta Stefanova"]
[Black "Ido Ben Artzi"]
[WhiteElo "2486"]
[BlackElo "2344"]
[PlyCount "61"]

1. d4 Nf6 2. c4 g6 3. g3 Bg7 4. Bg2 d5 5. Nf3 dxc4 6. Qa4+
Nbd7 7. Nc3 O-O 8. Qxc4 Nb6 9. Qd3 Bf5 10. e4 Bg4 11. O-O c5
12. d5 e6 13. h3 c4 14. Qd1 Bxf3 15. Qxf3 exd5 16. exd5 Nfd7
17. Be3 Ne5 18. Qe2 Nd3 19. a4 Re8 20. Qd2 Nc8 21. a5 Nd6
22. Ra4 Qd7 23. Rfa1 Rac8 24. R4a2 Nf5 25. Bxa7 Bh6 26. Qc2
Bg7 27. Rf1 h5 28. h4 Qd6 29. Qd2 Bh6 30. Qd1 Qe5 31. Ne4 1-0

[Event "Tradewise Gibraltar"]
[Site "Catalan Bay GIB"]
[Date "2014.02.02"]
[EventDate "2014.01.28"]
[Round "6.20"]
[Result "1-0"]
[White "Baskaran Adhiban"]
[Black "Antoaneta Stefanova"]
[WhiteElo "2590"]
[BlackElo "2486"]
[PlyCount "125"]

1. e4 e5 2. Nf3 Nc6 3. Bc4 Bc5 4. c3 Nf6 5. d3 O-O 6. Nbd2 d5
7. exd5 Nxd5 8. Ne4 Be7 9. O-O Nb6 10. Bb3 Bf5 11. a4 a5
12. Be3 Nd5 13. Re1 Nxe3 14. Rxe3 Bg6 15. Bc4 Kh8 16. Qb3 Rb8
17. Rae1 f5 18. Ned2 Bd6 19. Bb5 Qf6 20. h3 Bh5 21. Bc4 Bc5
22. R3e2 e4 23. dxe4 Ne5 24. Qb5 Nxf3+ 25. Nxf3 Bxf3 26. gxf3
Qg5+ 27. Kh1 fxe4 28. Rxe4 c6 29. Qxa5 Qh5 30. Bf1 b6 31. Qa7
Qxf3+ 32. Bg2 Qxf2 33. Qc7 Rbd8 34. R4e2 Qh4 35. Qxc6 Bd6
36. Qxb6 Qf4 37. Qg1 Qxa4 38. Re4 Qb3 39. Rh4 Bg3 40. Rb4 Qf7
41. Rf1 Qh5 42. Rxf8+ Rxf8 43. Rg4 Bb8 44. b4 Qe5 45. c4 Qc3
46. c5 Re8 47. Rd4 Bc7 48. Rd1 Qxb4 49. Qf2 Qc3 50. c6 Qe5
51. Qg1 Qg3 52. Bf1 Qc3 53. Bg2 h5 54. Qf2 Qe5 55. Qg1 Qg3
56. Bf1 Qc3 57. Qg2 Re6 58. Rd7 Rxc6 59. Qe4 Qg3 60. Qe8+ Kh7
61. Bd3+ Kh6 62. Qh8+ Kg5 63. Rxg7+ 1-0

[Event "Tradewise Gibraltar"]
[Site "Catalan Bay GIB"]
[Date "2014.02.03"]
[EventDate "2014.01.28"]
[Round "7.43"]
[Result "1/2-1/2"]
[White "Antoaneta Stefanova"]
[Black "Pedro Ramon Martinez Reyes"]
[WhiteElo "2486"]
[BlackElo "2245"]
[PlyCount "131"]

1. d4 d5 2. Bf4 Nf6 3. e3 c5 4. Nc3 e6 5. Nb5 Na6 6. c3 Be7
7. h3 O-O 8. Nf3 Bd7 9. a4 c4 10. Ne5 Bc6 11. Be2 Nd7 12. b3
Nxe5 13. Bxe5 cxb3 14. Qxb3 Qd7 15. O-O Bd8 16. c4 dxc4
17. Bxc4 Nc7 18. Rfc1 a6 19. Nc3 Bf6 20. Bg3 Ne8 21. Rab1 Nd6
22. Bd3 Rac8 23. Bxd6 Qxd6 24. Be4 Qd7 25. a5 Bd8 26. Qa2 Bxe4
27. Nxe4 Rxc1+ 28. Rxc1 Qd5 29. Qb1 Bxa5 30. Rc5 Qd8 31. Qxb7
Qb6 32. Qc6 Rb8 33. Kh2 Qxc6 34. Rxc6 Bb6 35. Nd2 a5 36. Nc4
Bd8 37. Ra6 Bc7+ 38. g3 h5 39. Ra7 Bd8 40. Nxa5 Bxa5 41. Rxa5
g6 42. Ra7 Kg7 43. h4 Kf6 44. Kg2 Rb4 45. Kf3 Rb2 46. Rd7 Rb3
47. Kf4 Rb2 48. f3 Rb1 49. e4 Rd1 50. e5+ Kg7 51. d5 exd5
52. e6 Re1 53. exf7 Re6 54. Rxd5 Rf6+ 55. Ke4 Rxf7 56. Re5 Kf6
57. Rd5 Re7+ 58. Kf4 Re6 59. Rd8 Ra6 60. Ke4 Rb6 61. Rd4 Ra6
62. Rc4 Rb6 63. Rd4 Ra6 64. Rb4 Rc6 65. g4 hxg4 66. fxg4
1/2-1/2

[Event "Tradewise Gibraltar"]
[Site "Catalan Bay GIB"]
[Date "2014.02.04"]
[EventDate "2014.01.28"]
[Round "8.41"]
[Result "1/2-1/2"]
[White "Sarah Hoolt"]
[Black "Antoaneta Stefanova"]
[WhiteElo "2331"]
[BlackElo "2486"]
[PlyCount "99"]

1. e4 e5 2. Nf3 Nc6 3. Bc4 Bc5 4. d3 Nf6 5. Bb3 a6 6. Nbd2 d6
7. c3 O-O 8. O-O Be6 9. h3 Bxb3 10. Qxb3 Nh5 11. Nc4 b5
12. Ne3 Nf4 13. Qd1 Bb6 14. g3 Nxh3+ 15. Kg2 Ng5 16. Nxg5 Qxg5
17. Nf5 Qf6 18. Qh5 g6 19. Qh6 Qh8 20. Qg5 f6 21. Nh6+ Kg7
22. Qg4 Rfe8 23. Qd7+ Ne7 24. Rh1 Rad8 25. Qe6 Qf8 26. Nf7 g5
27. Nxd8 Rxd8 28. Qh3 Qh8 29. Be3 Bxe3 30. fxe3 d5 31. exd5
Nxd5 32. Rae1 h6 33. e4 Ne7 34. Qe6 Qf8 35. d4 exd4 36. e5 Ng8
37. cxd4 Rxd4 38. Rhf1 Rd2+ 39. Rf2 Rxf2+ 40. Kxf2 fxe5+
41. Kg2 Qa8+ 42. Kg1 Qa7+ 43. Kf1 Nf6 44. Qxe5 Qb7 45. Re3
Qh1+ 46. Ke2 Kg6 47. Kd2 c5 48. Qd6 c4 49. Re6 Qf1 50. Qe5
1/2-1/2

[Event "Tradewise Gibraltar"]
[Site "Catalan Bay GIB"]
[Date "2014.02.05"]
[EventDate "2014.01.28"]
[Round "9.47"]
[Result "1-0"]
[White "Antoaneta Stefanova"]
[Black "Alberto Quintin Navarro"]
[WhiteElo "2486"]
[BlackElo "2320"]
[PlyCount "125"]

1. d4 e6 2. Nf3 c5 3. c4 Nf6 4. d5 b5 5. Bg5 exd5 6. cxd5 d6
7. e4 a6 8. a4 Be7 9. Bxf6 Bxf6 10. Qc2 Qa5+ 11. Nfd2 O-O
12. Be2 Nd7 13. Ra3 bxa4 14. Nc3 Ne5 15. O-O Bd7 16. f4 Ng6
17. Nxa4 Bb5 18. Nc3 Qb6 19. Nc4 Bxc4 20. Bxc4 Rfb8 21. Na4
Qd8 22. Rh3 Qe7 23. Kh1 Re8 24. Bd3 Rab8 25. b3 Rb4 26. Nc3
Reb8 27. Bc4 Re8 28. Re3 Bd4 29. Ree1 a5 30. e5 dxe5 31. f5
Nf8 32. f6 gxf6 33. d6 Qd8 34. Ne4 Rxc4 35. bxc4 Re6 36. Rf3
Rxd6 37. Nxd6 Qxd6 38. Qe4 a4 39. Ref1 Kg7 40. Rxf6 Qxf6
41. Rxf6 Kxf6 42. Qc6+ Ne6 43. Qxa4 e4 44. Qc6 e3 45. g3 Kg7
46. Qe4 h6 47. h4 Kg8 48. Kg2 Kg7 49. Kf3 Kg8 50. Qg4+ Kh7
51. Ke4 Kh8 52. Kd5 Bg7 53. Qf3 Kg8 54. Qxe3 Bf8 55. Kc6 Bg7
56. Kd7 Bf8 57. Qe5 Bg7 58. Qb8+ Bf8 59. g4 Ng7 60. g5 hxg5
61. hxg5 Nf5 62. Qf4 Ng7 63. Qf3 1-0

[Event "Tradewise Gibraltar"]
[Site "Catalan Bay GIB"]
[Date "2014.02.06"]
[EventDate "2014.01.28"]
[Round "10.25"]
[Result "1-0"]
[White "Viktor Bologan"]
[Black "Antoaneta Stefanova"]
[WhiteElo "2660"]
[BlackElo "2486"]
[PlyCount "67"]

1. e4 e5 2. Nf3 Nc6 3. Bb5 a6 4. Ba4 Nf6 5. O-O Be7 6. Re1 b5
7. Bb3 d6 8. c3 O-O 9. h3 Nb8 10. d4 Nbd7 11. Nbd2 Bb7 12. Bc2
c5 13. d5 Qc7 14. Nf1 Rfb8 15. Ng3 c4 16. Nf5 Bf8 17. g4 a5
18. a3 b4 19. axb4 axb4 20. Rxa8 Bxa8 21. cxb4 Rxb4 22. Qd2
Qb8 23. Qc3 Nc5 24. Nd2 Bxd5 25. g5 Nfxe4 26. Nxe4 Nb3 27. Be3
Be6 28. Nfxd6 Bxd6 29. Nxd6 Qxd6 30. Rd1 Nd4 31. Bxd4 exd4
32. Rxd4 Bd5 33. Be4 Rb3 34. Rxd5 1-0

[Event "European Individual Championships"]
[Site "Yerevan ARM"]
[Date "2014.03.03"]
[EventDate "2014.03.03"]
[Round "1.129"]
[Result "0-1"]
[White "Walter Rusek"]
[Black "Antoaneta Stefanova"]
[WhiteElo "1794"]
[BlackElo "2476"]
[PlyCount "76"]

1. d4 d6 2. e4 g6 3. Nf3 Bg7 4. c3 Nf6 5. Bd3 O-O 6. O-O Nc6
7. Re1 e5 8. d5 Ne7 9. h3 Nd7 10. c4 f5 11. Nc3 a5 12. Bd2 Nc5
13. Bf1 c6 14. Bg5 h6 15. Bxe7 Qxe7 16. b3 fxe4 17. Nxe4 Nxe4
18. Rxe4 Bf5 19. Nd2 Qf7 20. g4 cxd5 21. Re1 Be6 22. Qe2 a4
23. Bg2 dxc4 24. Nxc4 axb3 25. axb3 Rxa1 26. Rxa1 e4 27. Nxd6
Qf4 28. Rd1 Bxb3 29. Rb1 Qxd6 30. Rxb3 Bd4 31. Kh1 Bxf2
32. Bxe4 Bb6 33. Rf3 Rxf3 34. Qxf3 Bc7 35. Qe2 b5 36. Qc2 Qf6
37. Qa2+ Kg7 38. Qb2 Be5 0-1

[Event "European Individual Championships"]
[Site "Yerevan ARM"]
[Date "2014.03.04"]
[EventDate "2014.03.03"]
[Round "2.40"]
[Result "1/2-1/2"]
[White "Antoaneta Stefanova"]
[Black "Philipp Schlosser"]
[WhiteElo "2476"]
[BlackElo "2612"]
[PlyCount "81"]

1. d4 e6 2. c4 Nf6 3. Nc3 Bb4 4. Qc2 O-O 5. Nf3 c5 6. dxc5 Na6
7. g3 Nxc5 8. Bg2 Nce4 9. O-O Nxc3 10. bxc3 Be7 11. e4 d6
12. e5 dxe5 13. Nxe5 Qc7 14. Qe2 Bd6 15. Bf4 Ne8 16. c5 Qxc5
17. c4 f6 18. Nd3 Qc7 19. Rab1 Rb8 20. c5 Bxf4 21. Nxf4 Qxc5
22. Nxe6 Qe7 23. Rfe1 Bxe6 24. Qxe6+ Qxe6 25. Rxe6 Nc7 26. Re7
Rf7 27. Rxf7 Kxf7 28. Bxb7 Kf8 29. h4 Nd5 30. Rb3 Nc3 31. Rxc3
Rxb7 32. Rc5 Ke7 33. Kg2 Kd6 34. Ra5 Kc6 35. Kf3 Rd7 36. g4
Kb6 37. Rh5 g6 38. Rh6 Kc5 39. h5 Rg7 40. Kf4 a5 41. Ke4
1/2-1/2

[Event "European Individual Championships"]
[Site "Yerevan ARM"]
[Date "2014.03.05"]
[EventDate "2014.03.03"]
[Round "3.43"]
[Result "1/2-1/2"]
[White "Vladimir Potkin"]
[Black "Antoaneta Stefanova"]
[WhiteElo "2625"]
[BlackElo "2476"]
[PlyCount "107"]

1. d4 d5 2. c4 c6 3. Nf3 Nf6 4. Nc3 a6 5. e3 Bf5 6. Ne5 Nbd7
7. Qb3 Ra7 8. cxd5 Nxe5 9. dxe5 Nxd5 10. e4 Nxc3 11. exf5 Nd5
12. Bc4 b5 13. Be2 Qc7 14. e6 fxe6 15. fxe6 Qe5 16. a4 Qxe6
17. axb5 cxb5 18. Be3 Rd7 19. O-O Kf7 20. Qa2 g6 21. Qxa6 Qxa6
22. Rxa6 Nxe3 23. fxe3+ Kg7 24. Bxb5 Rb7 25. Bc4 Rxb2 26. Ra8
e6 27. Bxe6 Rb7 28. Bd5 Rc7 29. Kf2 Bd6 30. Rxh8 Kxh8 31. h4
Rc3 32. g4 Bc5 33. Re1 Kg7 34. Kf3 h6 35. g5 hxg5 36. hxg5 Ra3
37. Kf4 Bd6+ 38. Kg4 Be5 39. Be4 Rc3 40. Rb1 Rxe3 41. Rb7+ Kf8
42. Bxg6 Bc3 43. Bf5 Re7 44. Rb6 Bd2 45. Kh5 Kg7 46. Rg6+ Kf7
47. Kh6 Re2 48. Rf6+ Ke7 49. Bg4 Re5 50. Bf5 Re2 51. Kg6 Rg2
52. Re6+ Kf8 53. Rf6+ Ke7 54. Re6+ 1/2-1/2